|
|
|
|
| LEADER |
00000nam a22000007a 4500 |
| 008 |
211216b ||||| |||| 00| 0 eng d |
| 020 |
|
|
|a 9783319648514.
|
| 100 |
|
|
|a BADU-APARAKU, Baffour.
|
| 245 |
|
|
|a Advances in genetics enhancement of early and extra-early maize for sub- saharan Africa
|c Baffour Bedu-Apraku (and) M.A.B Fakorede- Cham,
|g xlvi,604p;ill.
|
| 260 |
|
|
|b Springer
|c 2017
|d Book.
|h Switzerland
|i 693523
|l SB191.B14
|
| 500 |
|
|
|a "It includes references and index"
|
| 942 |
|
|
|a lcc
|c BK
|e Olagoke,M.A.
|f 16/12/2021
|
| 952 |
|
|
|0 0
|1 0
|2 lcc
|4 0
|6 SB0191 B14
|7 0
|9 3994
|a HOL
|b HOL
|c QZ
|d 2021-12-16
|l 0
|o SB191.B14
|p 2021-67718
|r 2021-12-16 00:00:00
|t 693523
|w 2021-12-16
|y BK
|
| 999 |
|
|
|c 2003
|d 2003
|